00690cam a2200205 a 4500020001500000040000900015082002600024245014500050260003800195300002900233490002400262650001000286650001000296650002700306700001700333700001600350700001700366710006300383710003800446 a1863200185 cMnSU a633 ACI 1990 A049 Co.00aFumigation and controlled atmosphere storage of grain :bproceedings of an international conference held at Singapore, 14-18 February 1989 / aCanberra, A.C.T. :cACIAR,c1990. a301 p. :bill. ;c24 cm.1 aACIAR proceedings ; 0aGrain 0aGrain 0aProtective atmospheres1 aChamp, B. R.1 aHighley, E.1 aBanks, H. J.2 aAustralian Centre for International Agricultural Research.2 aNational University of Singapore.